| 000 | 00543nam a2200157 i 4500 | ||
|---|---|---|---|
| 001 | 180539 | ||
| 003 | ES-MaACL | ||
| 005 | 20230906221126.0 | ||
| 008 | 120612s1853 sp | |||| ||spa d | ||
| 080 | _a812.134.2-31"18" | ||
| 100 | 1 |
_aEguilaz Yanguas, Leopoldo de. _946759 |
|
| 245 | 1 | 3 |
_aEl talismán del diablo _b: novela fantástico-oriental / _cpor Don Leopoldo Eguilaz y Yanguas. |
| 260 |
_aMadrid : _b[s.n.], _c1853 ( _fImprenta de A. Vicente) |
||
| 300 |
_a47 p. ; _c24 cm. |
||
| 852 |
_aES-MaACL _jD-4082(2) _z.- Legado M. de la Fuente |
||
| 999 |
_c180539 _d180539 |
||